Loading...
| History - World History | 0 | 5 | 0 | 1 | 50 | 96 | 103.00 | 0 | 2 |
| History - European History | 0 | 4 | 0 | 2 | 40 | 97 | 117.25 | 1 | 1 |
| Science - Physics | 0 | 2 | 0 | 0 | 20 | 67 | 78.00 | 0 | 0 |
| History - American History | 0 | 2 | 0 | 0 | 20 | 90 | 95.00 | 0 | 0 |
| Literature - British Literature | 0 | 2 | 0 | 0 | 20 | 103 | 107.50 | 0 | 1 |
| Science - Chemistry | 0 | 2 | 0 | 1 | 20 | 49 | 80.00 | 1 | 1 |
| Geography/Current Events | 0 | 2 | 0 | 2 | 20 | 129 | 129.00 | 0 | 2 |
| Science - Biology | 0 | 1 | 0 | 1 | 10 | 128 | 128.00 | 0 | 0 |
| History - Other History | 0 | 1 | 0 | 1 | 10 | 110 | 110.00 | 0 | 0 |
| Mythology | 0 | 1 | 0 | 0 | 10 | 122 | 122.00 | 0 | 0 |
| Science - Other Science | 0 | 1 | 1 | 0 | 5 | 108 | 108.00 | 0 | 0 |